1568 1694 1648 1454 1990 1198 1417 1466 1306 1687 1995 1366 1342 1245 1600 1130 1633 1500 1938 1634 1550 1288 1163 1536 1421 1894 1379 1291 1093 1766 1592 1861 1721 1506 1315 1586 1972 1832 1629 1604 1591 1464 1758 1691 1292 1545 1353 1109 1767 1733 1756 1947 1193 1862 1145 1872 1964 1705 1091 1574 1853 1267 1525 1280 1993 1373 1332 1476 1097 1349 1804 1979 1557 1490 1079 1031 1182 1138 1676 2000 1432 1417 1693 1291 1230 1032 1861 1801 1694 1065 1354 1706 1396 1244 1262 1741 1616 1459 1051 BCNSPRNW ULIB Ver.6.0+V

เปลี่ยนเป็นภาษาไทย

Change to English
 แสดงรายละเอียดบรรณานุกรม
  กลับหน้าหลัก

Brief Record : Get Marc (ISO 2709) : E-mail record : QR code < ปิดหน้าต่าง
LEADER : 00000nam 2200000uu 4500
001    13399122893
003     ULIB
008    131025s||||||||th 000 0 tha d
050  4 ^aBQ5618^bบ131
245 00 ^aบทสวดมนต์
260    ^aกรุงเทพฯ :^bแอคมี พริ้นติ้ง,^cม.ป.ป.
300    ^a322 หน้า :^bภาพประกอบ ;^c27 ซม.
650  4 ^aพุทธศาสนา^xบทสวดมนต์
945    ^p0^l0^i034111
999    ^aเกษร โพธิ์สุวรรณ
รายการนี้ยังไม่มีแท็ก
คุณยังไม่ได้ล็อกอิน คุณสามารถมีกิจกรรมร่วมกับเว็บไซต์ได้ แต่ต้องล็อกอินก่อน ::
  ล็อกอิน

รายการสื่อสารสนเทศ

ลำดับที่ ประเภท เลขเรียก/บาร์โค้ด สถานที่ สถานะ
1. การศึกษาทั่วไป
การศึกษาทั่วไป
BQ5618 บ131  
  Barcode: 034111
ห้องสมุดวิทยาเขตสวรรค์ประชารักษ์
►หนังสือทั่วไป
บนชั้น

รายการใกล้เคียง
    ชื่อเรื่อง [บทสวดมนต์]

BibComment


ยังไม่เคยถูกคอมเมนท์

คอมเมนท์ทรัพยากรรายการนี้
  คอมเมนท์: บทสวดมนต์


 Copyright 2026. Bcnsprnw @Library